KLM Destinations - Statistics

General Stats
  • This quiz has been taken 54 times
  • The average score is 120 of 166
Answer Stats
Country Destination % Correct
Denmark Copenhagen
96%
United Kingdom London
96%
Spain Barcelona
93%
United Arab Emirates Dubai
93%
Italy Milan
93%
France Paris
93%
Italy Rome
93%
Greece Athens
91%
Thailand Bangkok
91%
China Beijing
91%
Ireland Dublin
91%
Portugal Lisbon
91%
United States Los Angeles
91%
United Kingdom Manchester
91%
United States Miami
91%
United States New York
91%
United States Atlanta
89%
Germany Berlin
89%
Romania Bucharest
89%
South Africa Cape Town
89%
United States Chicago
89%
Germany Frankfurt
89%
Finland Helsinki
89%
Turkey Istanbul
89%
India New Delhi
89%
Norway Oslo
89%
Brazil São Paulo
89%
South Korea Seoul
89%
Singapore Singapore
89%
Japan Tokyo
89%
Canada Toronto
89%
Colombia Bogotá
87%
United States Boston
87%
Hungary Budapest
87%
Switzerland Geneva
87%
Indonesia Jakarta
87%
South Africa Johannesburg
87%
Malaysia Kuala Lumpur
87%
Spain Madrid
87%
Mexico Mexico City
87%
India Mumbai
87%
Germany Munich
87%
Portugal Porto
87%
Czech Republic Prague
87%
China Shanghai
87%
Austria Vienna
87%
Switzerland Zürich
87%
Netherlands Amsterdam
84%
Serbia Belgrade
84%
Belgium Brussels
84%
Argetnina Buenos Aires
84%
United Kingdom Glasgow
84%
United States Houston
84%
France Lyon
84%
Canada Montréal
84%
Panama Panama City
84%
Poland Warsaw
84%
Croatia Zagreb
84%
Canada Calgary
82%
Philippines Manila
82%
France Marseille
82%
Kenya Nairobi
82%
Italy Naples
82%
Brazil Rio de Janeiro
82%
Saudi Arabia Riyadh
82%
Sweden Stockholm
82%
Taiwan Taipei
82%
Canada Vancouver
82%
Italy Venice
82%
United States Washington
82%
Ghana Accra
80%
Italy Bologna
80%
United Kingdom Edinburgh
80%
Poland Kraków
80%
Luxembourg Luxembourg
80%
France Nice
80%
Ecuador Quito
80%
United States San Francisco
80%
Costa Rica San José
80%
Chile Santiago de Chile
80%
Israel Tel Aviv
80%
Italy Turin
80%
United Kingdom Birmingham
78%
Germany Hamburg
78%
China Hong Kong
78%
United States Las Vegas
78%
Japan Osaka
78%
Norway Bergen
76%
France Bordeaux
76%
United Kingdom Bristol
76%
Germany Düsseldorf
76%
Peru Lima
76%
Slovenia Ljubljana
76%
United Kingdom Newcastle
76%
Germany Stuttgart
76%
Aruba Aruba
73%
Mexico Cancún
73%
Canada Edmonton
73%
Poland Gdańsk
73%
Italy Genoa
73%
Nigeria Lagos
73%
France Toulouse
73%
Spain Valencia
73%
Spain Alicante
71%
United States Austin
71%
Tanzania Dar es Salaam
71%
Italy Florence
71%
United States San Diego
71%
United Kingdom Belfast
69%
Bonaire Bonaire
69%
Ireland Cork
69%
Sweden Gothenburg
69%
France Nantes
69%
Croatia Split
69%
India Bengaluru
67%
Spain Bilbao
67%
Germany Hanover
67%
Suriname Paramaribo
67%
Curaçao Curaçao
64%
Guyana Georgetown
64%
Spain Palma de Mallorca
64%
Trinidad & Tobago Port of Spain
64%
Poland Poznań
64%
Tanzania Zanzibar
64%
United Kingdom Aberdeen
62%
United Kingdom Cardiff
62%
Croatia Dubrovnik
62%
Rwanda Kigali
62%
United Kingdom Leeds/Bradford
62%
Barbados Bridgetown
60%
Indonesia Denpasar
60%
Spain Málaga
60%
Sint Maarten Sint Maarten
60%
Germany Bremen
58%
Italy Catania
58%
United States Minneapolis
58%
Germany Nuremberg
58%
Italy Cagliari
56%
Spain Ibiza
56%
Poland Wrocław
56%
France Basel/Mulhouse
53%
Denmark Aalborg
51%
Denmark Billund
51%
India Hyderabad
51%
Norway Trondheim
51%
Colombia Cartagena
49%
Ecuador Guayaquil
49%
United Kingdom Inverness
49%
Saudi Arabia Dammam
47%
France Montpellier
47%
Norway Stavanger
47%
United Kingdom Southampton
42%
Uganda Entebbe
40%
France Rennes
40%
Finland Rovaniemi
40%
United States Salt Lake City
38%
Norway Ålesund
33%
Norway Kristiansand
31%
United Kingdom Norwich
31%
Tanzania Kilimanjaro
29%
Sweden Linköping
29%
United Kingdom Exeter
24%
France Biarritz
22%
United States Portland
20%
United Kingdom Humberside
18%
United Kingdom Durham
9%
No matching quizzes found
Score Distribution
Percent of People with Each Score
Percentile by Number Answered
Your Score History
You have not taken this quiz